Hiệu quả của phân hữu cơ - vi sinh lên bắp lai trồng ở nông trường Sông Hậu - Huyện Cờ Đỏ thành phố Cần Thơ : Luận văn Thạc sĩ. Chuyên ngành: Sinh thái học

Đánh giá chất lượng phân hữu cơ-vi sinh lê cây bắp lai trồng trên đất phù sa Nông trường Sông Hậu-Huyện cờ Đỏ thành phố Cần Thơ nhằm giảm lượng phân hóa học sử dụng, giảm giá thành sản xuất để tăng thu nhập cho nông dân giảm sự phụ...

Deskribapen osoa

Gorde:
Xehetasun bibliografikoak
Egile nagusia: Trần, Minh Thiện
Formatua: Liburua
Hizkuntza:Undetermined
Argitaratua: Cần Thơ Trường Đại học Cần Thơ 2012
Gaiak:
Etiketak: Etiketa erantsi
Etiketarik gabe, Izan zaitez lehena erregistro honi etiketa jartzen!
Thư viện lưu trữ: Trung tâm Học liệu Trường Đại học Cần Thơ
LEADER 01341nam a2200229Ia 4500
001 CTU_176044
008 210402s9999 xx 000 0 und d
082 |a 631.86 
082 |b Th305 
088 |a 60420120 
100 |a Trần, Minh Thiện 
245 0 |a Hiệu quả của phân hữu cơ - vi sinh lên bắp lai trồng ở nông trường Sông Hậu - Huyện Cờ Đỏ thành phố Cần Thơ : 
245 0 |b Luận văn Thạc sĩ. Chuyên ngành: Sinh thái học 
245 0 |c Trần Minh Thiện ; Trần Thị Ngọc Sơn (Hướng dẫn Khoa học) 
260 |a Cần Thơ 
260 |b Trường Đại học Cần Thơ 
260 |c 2012 
520 |a Đánh giá chất lượng phân hữu cơ-vi sinh lê cây bắp lai trồng trên đất phù sa Nông trường Sông Hậu-Huyện cờ Đỏ thành phố Cần Thơ nhằm giảm lượng phân hóa học sử dụng, giảm giá thành sản xuất để tăng thu nhập cho nông dân giảm sự phụ thuộc vào phân hóa học. 
650 |a Organic fertilizers,Corn,Phân hữu cơ,Cây bắp 
650 |x Fertilizers,Phân bón 
904 |i Năm 
980 |a Trung tâm Học liệu Trường Đại học Cần Thơ